000 00545nam a2200181Ia 4500
008 090123s9999 xx 000 0 und d
082 _b20695
100 _aआवटे दिलिप
245 _aहुंड्याचा पोपट
250 _a0
260 _bआरती प्रकाशन
300 _a68
600 _aआवटे दिलिप
630 _aहुंड्याचा पोपट
700 _aआवटे दिलिप
730 _aहुंड्याचा पोपट
942 _cBOOK
999 _c58767
_d58767